| 000 | 00928nam a2200277 i 4500 | ||
|---|---|---|---|
| 001 | bg | ||
| 245 | 0 | 0 |
_aSłownik naukowo-techniczny polsko-niemiecki / _czespół red. Małgorzata Sokołowska, Anna Bender, Krzysztof Żak. |
| 246 | 1 | 5 | _aPolnisch-deutsches wissenschaftlich-technisches Wörterbuch |
| 250 | _aWyd. 8 dodr. | ||
| 260 |
_aWarszawa : _bWydawnictwa Naukowo-Techniczne, _c1999. |
||
| 300 |
_a[10], 966 s. ; _c24 cm. |
||
| 500 | _aTyt. równol. : Polnisch-deutsches wissenschaftlich-technisches Wörterbuch. | ||
| 650 | 9 | _aSłownik polsko-niemiecki | |
| 650 | 9 | _aTechnika | |
| 655 | _aSłowniki | ||
| 700 | 1 |
_aSOKOŁOWSKA, Małgorzata. _eRed. |
|
| 700 | 1 |
_aBENDER, Anna. _eRed. |
|
| 700 | 1 |
_aŻAK, Krzysztof. _eRed. |
|
| 020 | _a8320424852 | ||
| 040 | _cBPK | ||
| 041 | 0 | _adepl | |
| 080 | _a62(038)=162.1=112.2 | ||
| 920 | _a83-204-2485-2 | ||
| 942 | _cKS | ||
| 008 | s pl f |000 0 pol | ||
| 999 |
_c36189 _d36189 |
||
| 856 |
_uhttp://koha.tu.koszalin.pl/cgi-bin/koha/opac-detail.pl?biblionumber=36189 _yKatalog online BPK |
||